On the origin of objects /

Guardado en:
Autor Principal: Smith, Brian Cantwell.
Formato: Libro
Idioma:English
Publicado: Cambridge, Mass. : MIT Press, c1996.
Materias:
Etiquetas: Agregar Etiqueta
Sin Etiquetas, Sea el primero en etiquetar este registro!
LEADER 00724cam a2200229 a 4500
001 DCC.dcic001048
008 950731s1996####maua#####b####001#0#eng##
005 20151130131048.0
245 1 0 |a On the origin of objects /  |c Brian Cantwell Smith. 
260 |a Cambridge, Mass. :  |b MIT Press,  |c c1996. 
300 |a xii, 420 p. :  |b il. ;  |c 24 cm. 
500 |a "A Bradford book." 
504 |a Incluye referencias bibliográficas (p. 411-420) e índices. 
020 |a 0262193639 (hc : alk. paper) 
100 1 |a Smith, Brian Cantwell. 
082 0 0 |a 111  |2 20 
650 0 |a Metaphysics. 
650 0 |a Object (Philosophy) 
010 |a  95037637  
040 |a DLC  |c DLC  |d DLC 
050 0 0 |a BD111  |b .S573 1996 
859 |a DCIC  |b BIB. COMPUTACION  |p 1774